000 00745nam a2200277Ia 4500
005 20250425162437.0
008 250425s9999 xx 000 0 und d
020 _a8480889799
041 _aspa
043 _asp
082 _a658.834
100 _aRAMSWAMY, VENKAT
245 0 _aEL FUTURO DE LA COMPETENCIA: CREACION CONJUNTA DE VALOR UNICO CON LOS CONSUMIDORES
250 _a1A ED.
260 _aBARCELONA
260 _aEspaña
_bGESTION 2000
_c2004
300 _a271
500 _aTítulo Traducido: THE FUTUREOF COMPETITION
650 _aEMPRESAS CONSUMIDORAS
650 _aINNOVACIONES
650 _aMERCADO
700 _aANA GARCIA BELTRAN
_etraductor
710 _aGESTION 200 S.A.
942 _c01
010 _a74386
999 _c229354
_d229354